[Event "TUR-chT2"]
[Site "Konya"]
[Date "2017.07.10"]
[Round "3.2"]
[White "Tepeli, Huseyin"]
[Black "Akman, Ozgur"]
[Result "0-1"]
[WhiteElo "1612"]
[BlackElo "1934"]
[PlyCount "76"]
[EventDate "2017.07.09"]
[EventType "team-swiss"]
[EventRounds "9"]
[EventCountry "TUR"]
[SourceTitle "CBM 179 Extra"]
[Source "ChessBase"]
[SourceDate "2017.08.23"]
[SourceVersion "1"]
[SourceVersionDate "2017.08.23"]
[SourceQuality "1"]
[WhiteTeam "Dobruca"]
[BlackTeam "Ankara DSI Genclik"]
[WhiteTeamCountry "TUR"]
[BlackTeamCountry "TUR"]

1. e4 e5 2. Nf3 Nc6 3. c3 d5 4. Qa4 f6 5. Bb5 Nge7 6. 0-0 dxe4 7. Qxe4 Bf5 8. Qe1 a6 9. Be2 e4 10. Nh4 Be6 11. f4 Qd5 12. d4 g5 13. fxg5 fxg5 14. Be3 gxh4 15. c4 Qa5 16. Qxh4 0-0-0 17. Qf6 Bd7 18. Qxh8 Bh6 19. Qxd8+ Nxd8 20. Bxh6 Nf5 21. Bd2 Qb6 22. Bg4 Nxd4 23. Bxd7+ Kxd7 24. Be3 Ne2+ 25. Kf2 Qxb2 26. Nd2 Nc3 27. Kg1 Qc2 28. Nb3 b6 29. Kh1 Qe2 30. Bg5 Ne6 31. Bf6 Na4 32. Rfd1+ Kc8 33. Nd4 Nxd4 34. Rxd4 Qf2 35. Rd8+ Kb7 36. Be5 Qf5 37. Bg3 Nc5 38. h3 Qg5 0-1

[Event "TUR Cup"]
[Site "Antalya"]
[Date "2017.02.01"]
[Round "7"]
[White "Tepeli, Huseyin"]
[Black "Kanicioglu, Ahmet Emre"]
[Result "1-0"]
[WhiteElo "1639"]
[BlackElo "1153"]
[PlyCount "30"]
[EventDate "2017.01.28"]
[EventType "swiss"]
[EventRounds "11"]
[EventCountry "TUR"]
[SourceTitle "CBM 176 Extra"]
[Source "ChessBase"]
[SourceDate "2017.03.02"]
[SourceVersion "1"]
[SourceVersionDate "2017.03.02"]
[SourceQuality "1"]

1. e4 e5 2. Nf3 Nc6 3. c3 d5 4. Qa4 f6 5. Bb5 Nge7 6. 0-0 Bd7 7. exd5 Nxd5 8. d4 Nb6 9. Qc2 Bd6 10. Re1 0-0 11. Bd3 h6 12. Nh4 Ne7 13. f4 c6 14. fxe5 fxe5 15. h3 Qc7 1-0

[Event "TUR Cup"]
[Site "Antalya"]
[Date "2017.01.31"]
[Round "5"]
[White "Tepeli, Huseyin"]
[Black "Yilmaz, Hasan"]
[Result "0-1"]
[WhiteElo "1639"]
[BlackElo "1389"]
[PlyCount "58"]
[EventDate "2017.01.28"]
[EventType "swiss"]
[EventRounds "11"]
[EventCountry "TUR"]
[SourceTitle "CBM 176 Extra"]
[Source "ChessBase"]
[SourceDate "2017.03.02"]
[SourceVersion "1"]
[SourceVersionDate "2017.03.02"]
[SourceQuality "1"]

1. e4 d5 2. exd5 Qxd5 3. c4 Qe4+ 4. Qe2 Qxe2+ 5. Nxe2 Nf6 6. Nbc3 c6 7. d4 g6 8. h3 Bg7 9. Be3 0-0 10. 0-0-0 Nbd7 11. g4 Nb6 12. Ng3 Be6 13. g5 Ne8 14. b3 Rd8 15. Nge4 Nc7 16. Nc5 Bc8 17. h4 Ne6 18. Nxe6 Bxe6 19. Ne4 Bg4 20. Rd2 Bf3 21. Ng3 Bxh1 22. Nxh1 e5 23. d5 cxd5 24. Bxb6 axb6 25. cxd5 f5 26. d6 e4 27. Bc4+ Kh8 28. Ng3 Be5 29. d7 Bf4 0-1

[Event "Manavgat Turkey Cup"]
[Site "Manavgat"]
[Date "2016.02.04"]
[Round "9"]
[White "Tepeli, Huseyin"]
[Black "Cakanel, Dilara"]
[Result "1-0"]
[WhiteElo "1686"]
[BlackElo "1502"]
[PlyCount "82"]
[EventDate "2016.01.30"]
[EventType "swiss"]
[EventRounds "11"]
[EventCountry "TUR"]
[SourceTitle "CBM 170 Extra"]
[Source "ChessBase"]
[SourceDate "2016.02.25"]
[SourceVersion "1"]
[SourceVersionDate "2016.02.25"]
[SourceQuality "1"]

1. e4 c5 2. Nf3 d6 3. d4 cxd4 4. Nxd4 Nc6 5. c4 Nf6 6. Nc3 g6 7. Be2 Bg7 8. Be3 0-0 9. 0-0 Ne5 10. h3 Bd7 11. f4 Nc6 12. Qd2 a6 13. Rad1 Rc8 14. b3 Re8 15. Bf3 Qc7 16. Nd5 Nxd5 17. exd5 Nxd4 18. Bxd4 Bxd4+ 19. Qxd4 Qc5 20. Kh2 b5 21. Be2 bxc4 22. bxc4 Qxd4 23. Rxd4 Rb8 24. Rd2 a5 25. Rc1 Rec8 26. Kg3 Rb4 27. Kf3 Rc5 28. Ke3 Kg7 29. Kd4 Bb5 30. Bd3 Ba6 31. Rc3 Bb7 32. Be4 Kf6 33. g4 e6 34. dxe6 Bxe4 35. exf7 Kxf7 36. Kxe4 Rcxc4+ 37. Rxc4 Rxc4+ 38. Ke3 Ke6 39. h4 Rc5 40. Rd3 h5 41. Kf3 Kd7 1-0

[Event "Manavgat Turkey Cup"]
[Site "Manavgat"]
[Date "2016.02.02"]
[Round "6"]
[White "Ozsarilar, Osman Nuri"]
[Black "Tepeli, Huseyin"]
[Result "1-0"]
[WhiteElo "1864"]
[BlackElo "1686"]
[PlyCount "55"]
[EventDate "2016.01.30"]
[EventType "swiss"]
[EventRounds "11"]
[EventCountry "TUR"]
[SourceTitle "CBM 170 Extra"]
[Source "ChessBase"]
[SourceDate "2016.02.25"]
[SourceVersion "1"]
[SourceVersionDate "2016.02.25"]
[SourceQuality "1"]

1. e4 c6 2. d4 d5 3. Nd2 dxe4 4. Nxe4 Nf6 5. Nxf6+ exf6 6. Nf3 Bg4 7. Be2 Bd6 8. Be3 0-0 9. 0-0 f5 10. Qd2 Qc7 11. g3 Nd7 12. c4 b6 13. b4 c5 14. dxc5 bxc5 15. Rad1 Ne5 16. Nxe5 Bxe5 17. Bxg4 fxg4 18. Bxc5 Rfd8 19. Qg5 a5 20. a3 axb4 21. axb4 Rxd1 22. Rxd1 g6 23. Qxg4 f5 24. Qf3 Re8 25. Qd5+ Kg7 26. Re1 g5 27. f4 gxf4 28. gxf4 1-0

[Event "Manavgat Turkey Cup"]
[Site "Manavgat"]
[Date "2015.02.04"]
[Round "7"]
[White "Tepeli, Huseyin"]
[Black "Kucukdogerli, Murat Can"]
[Result "0-1"]
[WhiteElo "1741"]
[BlackElo "1916"]
[PlyCount "80"]
[EventDate "2015.01.31"]
[EventType "swiss"]
[EventRounds "11"]
[EventCountry "TUR"]
[SourceTitle "CBM 164 Extra"]
[Source "ChessBase"]
[SourceDate "2015.03.02"]
[SourceVersion "1"]
[SourceVersionDate "2015.03.02"]
[SourceQuality "1"]

1. e4 e6 2. d4 d5 3. Nc3 Bb4 4. exd5 exd5 5. Bd3 Ne7 6. Nge2 Bg4 7. 0-0 Nbc6 8. h3 Bh5 9. Be3 0-0 10. a3 Bxc3 11. bxc3 Qd7 12. Qd2 Rae8 13. Rae1 Na5 14. Ng3 Bg6 15. f4 Nf5 16. Nxf5 Bxf5 17. g4 Be4 18. f5 f6 19. Bf4 Re7 20. Qh2 Qc6 21. Bxe4 dxe4 22. Qg3 Nc4 23. g5 fxg5 24. Bxg5 Ree8 25. f6 Rf7 26. Rf4 Nd2 27. Kf2 Nf3 28. Rxf3 exf3 29. Rxe8+ Qxe8 30. Kxf3 Qe6 31. Bh4 Qf5+ 32. Ke3 Qxc2 33. Qe5 Qxc3+ 34. Ke2 gxf6 35. Bxf6 Qc6 36. Qg5+ Kf8 37. Be5 Qe4+ 38. Kd2 Rf2+ 39. Kc3 Rc2+ 40. Kb4 Rb2+ 0-1

[Event "TUR-ch"]
[Site "Antalya"]
[Date "2013.02.07"]
[Round "8"]
[White "Tepeli, Huseyin"]
[Black "Demirkilic, Koksal"]
[Result "0-1"]
[WhiteElo "1839"]
[BlackElo "1557"]
[PlyCount "64"]
[EventDate "2013.02.02"]
[EventType "swiss"]
[EventRounds "11"]
[EventCountry "TUR"]
[SourceTitle "CBM 152 Extra"]
[Source "ChessBase"]
[SourceDate "2013.02.25"]
[SourceVersion "1"]
[SourceVersionDate "2013.02.25"]
[SourceQuality "1"]

1. e4 c5 2. Nf3 d6 3. d4 cxd4 4. Nxd4 Nf6 5. Nc3 Nc6 6. Be2 e6 7. 0-0 Be7 8. Be3 0-0 9. Qd2 a6 10. Rad1 Qc7 11. f4 b5 12. Nxc6 Qxc6 13. Bf3 e5 14. f5 b4 15. Nd5 Nxd5 16. exd5 Qb7 17. g4 f6 18. h4 Bd7 19. Be4 Be8 20. Rf2 Rc8 21. Rh2 Rc4 22. Qg2 Bd8 23. Qf3 Bb6 24. g5 Bxe3+ 25. Qxe3 Bh5 26. Rdd2 a5 27. Rhg2 Qc7 28. gxf6 Rxf6 29. Rg5 Be8 30. Rdg2 g6 31. fxg6 h6 32. Rh5 Rf4 0-1

[Event "Istanbul op-A 11th"]
[Site "Istanbul"]
[Date "2012.09.01"]
[Round "3"]
[White "Ribbegren, Karl Johan"]
[Black "Tepeli, Huseyin"]
[Result "1-0"]
[WhiteElo "2131"]
[BlackElo "1921"]
[PlyCount "57"]
[EventDate "2012.08.30"]
[EventType "swiss"]
[EventRounds "9"]
[EventCountry "TUR"]
[SourceTitle "CBM 150 Extra"]
[Source "ChessBase"]
[SourceDate "2012.10.19"]
[SourceVersion "1"]
[SourceVersionDate "2012.10.19"]
[SourceQuality "1"]

1. d4 Nf6 2. c4 g6 3. Nc3 Bg7 4. e4 d6 5. f4 0-0 6. Nf3 Nbd7 7. Bd3 c5 8. d5 e5 9. fxe5 Nxe5 10. Nxe5 dxe5 11. 0-0 Ne8 12. Be3 b6 13. a3 a5 14. Rb1 Nd6 15. b4 axb4 16. axb4 Ra3 17. Qc1 Ra8 18. bxc5 bxc5 19. Bxc5 Qc7 20. Bb6 Qe7 21. c5 Ne8 22. d6 Qe6 23. Nd5 Ba6 24. Bxa6 Rxa6 25. Qc4 Ra8 26. Ne7+ Kh8 27. Qxe6 fxe6 28. d7 Nf6 29. c6 1-0

[Event "TUR-ch op"]
[Site "Antalya"]
[Date "2008.02.08"]
[Round "9.33"]
[White "Tepeli, Huseyin"]
[Black "Yigitoglu, Abdullah"]
[Result "1/2-1/2"]
[WhiteElo "1970"]
[BlackElo "1688"]
[PlyCount "126"]
[EventDate "2008.02.04"]
[EventType "swiss"]
[EventRounds "11"]
[EventCountry "TUR"]
[SourceTitle "CBM 122 Extra"]
[Source "ChessBase"]
[SourceDate "2008.03.04"]
[SourceVersion "1"]
[SourceVersionDate "2008.03.04"]
[SourceQuality "1"]

1. e4 d5 2. exd5 Nf6 3. d4 Bg4 4. Be2 Bxe2 5. Nxe2 Qxd5 6. 0-0 e6 7. c4 Qxc4 8. Bf4 Nc6 9. b3 Qd5 10. Bxc7 Rc8 11. Nbc3 Qf5 12. Bg3 Be7 13. Rc1 0-0 14. Qd2 Rfd8 15. Rfd1 Ba3 16. Rb1 Bb4 17. Rbc1 Ne4 18. Qd3 Nxc3 19. Nxc3 Qxd3 20. Rxd3 Ba3 21. Rcd1 Nb4 22. Re3 Bb2 23. Nb5 Bxd4 24. Bc7 Bxe3 25. Bxd8 Rc1 26. Rxc1 Bxc1 27. a4 Nc6 28. Bc7 Bd2 29. g3 Ba5 30. Bf4 a6 31. Nd6 b6 32. Nc4 Nd4 33. Bc7 Nxb3 34. Bxb6 Bxb6 35. Nxb6 Kf8 36. Kf1 Ke7 37. Ke2 Kd6 38. f4 Nc5 39. Ke3 Kc6 40. a5 Kb5 41. Kd4 Nb3+ 42. Ke5 Nxa5 43. Nc8 Nc4+ 44. Kd4 Nb6 45. Nd6+ Kb4 46. Nxf7 Nc4 47. Nd8 a5 48. Nxe6 a4 49. Nc5 a3 50. Nd3+ Kb3 51. Nc5+ Kb4 52. Nd3+ Kb3 53. Nc1+ Kb2 54. Kxc4 Kxc1 55. Kb3 Kd2 56. Kxa3 Kc3 57. Ka4 Kc4 58. Ka3 h5 59. Kb2 Kd4 60. Kc2 Ke4 61. Kd2 Kf3 62. Kd3 g6 63. Kd4 h4 1/2-1/2